000 00571nam a2200193Ia 4500
005 20230328101544.0
008 131103s9999 xx 000 0 und d
020 _a1354624 X
040 _aLoreto College
041 _aEnglish
082 _a822.91
_bSHA-ZIM
245 _aMajor Barbara
_b a collection of critical essays
_cedited by Rose Zimbardo
260 _aEnglewood Cliffs
_bPrentice - Hall
_c1970
300 _aiii,124 p.
504 _aIncludes bibliographical references
650 _aShaw,G.Bernard,1864 - 1950 - Criticism
850 _aLCLIB
942 _cBK
999 _c4391
_d54870